| 000 | 01224nam0a2200325 i 4500 | ||
|---|---|---|---|
| 001 | RU\NLR\BIBL_A\012551299 | ||
| 005 | 20240922004459.0 | ||
| 010 |
_a9785858755784 _9300 |
||
| 035 | _a(NLR Aleph) 012551299 | ||
| 090 |
_a12430691 _c12430691 |
||
| 100 | _a20210622d2019 um y0rusy50 ca | ||
| 101 | 0 | _arus | |
| 102 | _aRU | ||
| 105 | _aabc|z|||000zy | ||
| 181 | 0 |
_ai3 _baxxe |
|
| 182 | 0 | _an | |
| 200 | 1 |
_aО героях Русско-турецкой войны 1787-1791 годов _fР.В. Кондратенко |
|
| 203 |
_aТекст _bвизуальный _cнепосредственный |
||
| 210 |
_aСанкт-Петербург _cГангут _d2019 |
||
| 215 |
_a104, [2] с. _cил., портр., карт. _d21 |
||
| 225 | 1 | _aМоре в огне | |
| 316 |
_aС автогр. Ю.Д. Пряхина _5NLR |
||
| 320 | _aБиблиогр. в тексте примеч. | ||
| 606 | 1 |
_aРусско-турецкая война _xМорские операции _z1787 - 1791 _92626926 _3RU\NLR\AUTH\661563486 |
|
| 686 | 1 | _aЦ35(2)462.31-66 | |
| 700 | 1 |
_aКондратенко _bР. В. _gРоберт Владимирович |
|
| 942 | _cBOOK | ||
| 980 | _aNBR | ||